hijos de la primavera : (Registro nro. 2972)

Detalles MARC
000 -CABECERA
Longitud fija campo de control 00760nam a2200217 a 4500
003 - • IDENTIFICADOR DELl NÚMERO DE CONTROL
Identificador del número de control CO-ViMGA
008 - • CÓDIGOS DE INFORMACIÓN DE LONGITUD FIJA
Códigos de información de longitud fija 141112s2004 ck r 000 u spa d
020 ## - • NÚMERO INTERNACIONAL NORMALIZADO PARA LIBROS
Número Internacional Normalizado para Libros (ISBN) 9681644344
040 ## - FUENTE DE LA CATALOGACIÓN
Centro catalogador de origen CO-ViMGA
Lengua de catalogación spa
Centro transcriptor CO-ViMGA
082 04 - • NÚMERO DE LA CLASIFICACIÓN DECIMAL DEWEY
Número de clasificación (R) 897 D181h
100 1# - • PUNTO DE ACCESO PRINCIPAL-NOMBRE DE PERSONA
Nombre de persona Dávalos, Felipe il.; Alonso, Amparo
245 10 - • TITULO PROPIAMENTE DICHO
Título hijos de la primavera :
Resto del título vida y palabras de los indios de América
300 ## - • DESCRIPCIÓN FÍSICA
Extensión 237p
590 ## - NOTAS LOCALES
Nota local Forma de adquisición : Donación - - Precio : 15000 - - Fecha de adquisición : Marzo 2006
650 14 - • PUNTO DE ACCESO ADICIONAL DE MATERIA - TÉRMINO DE MATERIA
Término de materia o nombre geográfico como elemento inicial INDIGENAS - HISTORIA
650 14 - • PUNTO DE ACCESO ADICIONAL DE MATERIA - TÉRMINO DE MATERIA
Término de materia o nombre geográfico como elemento inicial INDIGENAS - RELIGIÓN Y MITOLOGÍA
650 14 - • PUNTO DE ACCESO ADICIONAL DE MATERIA - TÉRMINO DE MATERIA
Término de materia o nombre geográfico como elemento inicial INDIGENAS - VIDA SOCIAL Y COSTUMBRES
942 ## - ENTRADA DE ELEMENTOS AGREGADOS (KOHA)
Fuente de clasificaión o esquema Dewey Decimal Classification
Koha [por defecto] tipo de item LIbro
Existencias
Perdido Fuente de clasificación o esquema Estado Físico No para préstamo Forma de adquisición Localización permanente Localización actual Localización en estanterías Fecha adquisición Préstamos totales Signatura completa Código de barras Fecha última consulta Número de copia Fecha del precio de reemplazo Tipo de item de Koha Serie de enumeración / cronolog&íacute;a
  Dewey Decimal Classification     Infantil Biblioteca Pública Dorado Biblioteca Pública Dorado Sala Infantil 03/03/2023   LM HIJ1 DOR02365 03/03/2023 Ej.1 03/03/2023 LIbro  
  Dewey Decimal Classification       Biblioteca Pública José Eustasio Rivera - San Martin Biblioteca Pública José Eustasio Rivera - San Martin   02/24/2026   897 D181h SM04440 02/24/2026 Ej.1 02/24/2026 LIbro  
  Dewey Decimal Classification     Sala General Segundo Piso Biblioteca Pública Germán Arciniegas - Villavicencio Biblioteca Pública Germán Arciniegas - Villavicencio   12/04/2015   897 D181h 20419 12/04/2015 Ej. 1 12/04/2015 LIbro Volumen. 1 | 11/jun/2009
  Dewey Decimal Classification     Infantil Biblioteca Pública Guamal Biblioteca Pública Guamal Sala Infantil 02/20/2023   LM HIJ1 GUA001587 02/20/2023 Ej.1 02/20/2023 Libro Infantil  
  Dewey Decimal Classification     Infantil Biblioteca Pública Mapiripan Biblioteca Pública Mapiripan Sala Infantil 01/22/2024   LM HIJ1 MAP00003023 01/22/2024 Ej.1 01/22/2024 LIbro  
  Dewey Decimal Classification     Colección General Biblioteca Pública Puerto Rico Biblioteca Pública Puerto Rico General 02/14/2023   897H34 Ej.1 PR00000697 02/14/2023 Ej.1 02/14/2023 LIbro  
  Dewey Decimal Classification       Biblioteca Pública Puerto Rico Biblioteca Pública Puerto Rico Sala Infantil 08/18/2023   LM HIJ1 EJ. 1 PR000001539 08/18/2023 Ej.1 08/18/2023 LIbro  









Instituto Departamental de Cultura del Meta - Red Departamental de Bibliotecas Públicas del Meta.